الاكمال فى رفع الارتياب عن المؤتلف والمختلف فى الأسماء والكنى والأنساب / (رقم التسجيلة. 177801)

تفاصيل مارك
000 -LEADER
fixed length control field 01466namaa22003131i 4500
003 - CONTROL NUMBER IDENTIFIER
control field EG-GICUC
005 - DATE AND TIME OF LATEST TRANSACTION
control field 20260118145334.0
008 - FIXED-LENGTH DATA ELEMENTS--GENERAL INFORMATION
fixed length control field 260118s19931994ua ||||jr|||| 000 0 ara d
040 ## - CATALOGING SOURCE
Original cataloging agency EG-GiCUC
Language of cataloging ara
Transcribing agency EG-GiCUC
Modifying agency EG-GiCUC
Description conventions rda
082 04 - DEWEY DECIMAL CLASSIFICATION NUMBER
Edition number 21
Classification number 929.1
Item number M2359
092 04 - LOCALLY ASSIGNED DEWEY CALL NUMBER (OCLC)
Edition number 21
Classification number 929.1
Item number M2359
099 ## - LOCAL FREE-TEXT CALL NUMBER (OCLC)
Classification number 929.1 M2359 1993-1994
100 1# - MAIN ENTRY--PERSONAL NAME
Personal name ‪ابن ماكولا، علي بن هبة الله، ‪
Dates associated with a name 1030-1082.
Relator term مؤلف.
245 12 - TITLE STATEMENT
Title الاكمال فى رفع الارتياب عن المؤتلف والمختلف فى الأسماء والكنى والأنساب /
Statement of responsibility, etc. تأليف الأمير الحافظ ابن ماكولا ؛ اعتنى بتصحيحه والتعليق عليه الشيخ عبد الرحمن بن يحيى المعلمى اليمانى
250 ## - EDITION STATEMENT
Edition statement الطبعة الثانية
264 ## - PRODUCTION, PUBLICATION, DISTRIBUTION, MANUFACTURE, AND COPYRIGHT NOTICE
Place of production, publication, distribution, manufacture القاهرة (مصر) :
Name of producer, publisher, distributor, manufacturer دار الكتاب الاسلامى،
Date of production, publication, distribution, manufacture, or copyright notice 1993-1994
300 ## - PHYSICAL DESCRIPTION
Extent ؛ 10 مجلدات
Dimensions 24 سم
336 ## - CONTENT TYPE
Source rdacontent
Content type term text
337 ## - MEDIA TYPE
Source rdamedia
Media type term Unmediated
338 ## - CARRIER TYPE
Source rdacarrier
Carrier type term volume
504 ## - BIBLIOGRAPHY, ETC. NOTE
Bibliography, etc. note يشتمل على ارجاعات ببليوجرافية
541 ## - IMMEDIATE SOURCE OF ACQUISITION NOTE
Source of acquisition د. جابر عصفور ؛
Address القاهرة ؛
Method of acquisition إهداء ؛
Date of acquisition 2024.
650 17 - SUBJECT ADDED ENTRY--TOPICAL TERM
Topical term or geographic name entry element الانساب العربية
Source of heading or term qrmak
650 17 - SUBJECT ADDED ENTRY--TOPICAL TERM
Topical term or geographic name entry element الانساب، علم
Source of heading or term qrmak
651 1# - SUBJECT ADDED ENTRY--GEOGRAPHIC NAME
Source of heading or term qrmak
700 1# - ADDED ENTRY--PERSONAL NAME
Personal name اليمانى، عبد الرحمن بن يحيى المعلمى
Relator term محقق.
905 ## - Cataloger and Reviser Names
Cataloger Name Huda
942 ## - ADDED ENTRY ELEMENTS (KOHA)
Source of classification or shelving scheme Dewey Decimal Classification
Koha item type Books
Edition 21
Suppress in OPAC No
المقتنيات
Withdrawn status Lost status Source of classification or shelving scheme Damaged status Not for loan Home library Current library Date acquired Inventory number Total checkouts Full call number Barcode Date last seen Price effective from Koha item type
    Dewey Decimal Classification   Not for loan المكتبة المركزبة الجديدة - جامعة القاهرة قاعة المكتبات المهداة - الدور الرابع 18.01.2026 175054   929.1 M2359 1993-1994 v.1 J.U. 01000100175054001 18.01.2026 18.01.2026 Books
    Dewey Decimal Classification   Not for loan المكتبة المركزبة الجديدة - جامعة القاهرة قاعة المكتبات المهداة - الدور الرابع 18.01.2026 175054   929.1 M2359 1993-1994 v.2 J.U. 01000100175054002 18.01.2026 18.01.2026 Books
    Dewey Decimal Classification   Not for loan المكتبة المركزبة الجديدة - جامعة القاهرة قاعة المكتبات المهداة - الدور الرابع 18.01.2026 175054   929.1 M2359 1993-1994 v.3 J.U. 01000100175054003 18.01.2026 18.01.2026 Books
    Dewey Decimal Classification   Not for loan المكتبة المركزبة الجديدة - جامعة القاهرة قاعة المكتبات المهداة - الدور الرابع 18.01.2026 175054   929.1 M2359 1993-1994 v.4 J.U. 01000100175054004 18.01.2026 18.01.2026 Books
    Dewey Decimal Classification   Not for loan المكتبة المركزبة الجديدة - جامعة القاهرة قاعة المكتبات المهداة - الدور الرابع 18.01.2026 175054   929.1 M2359 1993-1994 v.5 J.U. 01000100175054005 18.01.2026 18.01.2026 Books
    Dewey Decimal Classification   Not for loan المكتبة المركزبة الجديدة - جامعة القاهرة قاعة المكتبات المهداة - الدور الرابع 18.01.2026 175054   929.1 M2359 1993-1994 v.6 J.U. 01000100175054006 18.01.2026 18.01.2026 Books
    Dewey Decimal Classification   Not for loan المكتبة المركزبة الجديدة - جامعة القاهرة قاعة المكتبات المهداة - الدور الرابع 18.01.2026 175054   929.1 M2359 1993-1994 v.7 J.U. 01000100175054007 18.01.2026 18.01.2026 Books
    Dewey Decimal Classification   Not for loan المكتبة المركزبة الجديدة - جامعة القاهرة قاعة المكتبات المهداة - الدور الرابع 18.01.2026 175054   929.1 M2359 1993-1994 v.8 J.U. 01000100175054008 18.01.2026 18.01.2026 Books
    Dewey Decimal Classification   Not for loan المكتبة المركزبة الجديدة - جامعة القاهرة قاعة المكتبات المهداة - الدور الرابع 18.01.2026 175054   929.1 M2359 1993-1994 v.9 pt.1 Index J.U. 01000100175054009 18.01.2026 18.01.2026 Books
    Dewey Decimal Classification   Not for loan المكتبة المركزبة الجديدة - جامعة القاهرة قاعة المكتبات المهداة - الدور الرابع 18.01.2026 175054   929.1 M2359 1993-1994 v.10 pt.2 Index J.U. 01000100175054010 18.01.2026 18.01.2026 Books
Cairo University Libraries Portal Implemented & Customized by: Eng. M. Mohamady Contacts: new-lib@cl.cu.edu.eg | cnul@cl.cu.edu.eg
CUCL logo CNUL logo
© All rights reserved — Cairo University Libraries
CUCL logo
Implemented & Customized by: Eng. M. Mohamady Contact: new-lib@cl.cu.edu.eg © All rights reserved — New Central Library
CNUL logo
Implemented & Customized by: Eng. M. Mohamady Contact: cnul@cl.cu.edu.eg © All rights reserved — Cairo National University Library